|
|
|
|
| LEADER |
00000nam a22000007a 4500 |
| 005 |
20180417211837.0 |
| 007 |
cr|||| |||| |
| 008 |
180417s2017 br |||||s|||| 00||0 por d |
| 020 |
|
|
|a 978-85-361-9459-2
|
| 035 |
|
|
|a 21365
|
| 040 |
|
|
|a vLex
|
| 090 |
|
|
|c 7775
|d 7775
|
| 100 |
1 |
|
|a Freire e Silva, Bruno
|
| 245 |
1 |
1 |
|a O Novo CPC e o Processo do Trabalho III Procedimentos Especiais
|h [Recurso electrn̤ico] /
|c Bruno Freire e Silva
|
| 256 |
|
|
|a Servicio en ln̕ea
|
| 260 |
|
|
|a San Pablo:
|b LTR,
|c 2017
|
| 300 |
|
|
|a 1 recurso electrn̤ico
|
| 500 |
|
|
|a A aplicaȯ̂ do novo CPC ao processo do trabalho ̌tema atuals̕simo, que enseja uma grande responsabilidade dos operadores do direito do trabalho. É patente a falta de uniformidade na aplicaȯ̂ supletiva e subsidir̀ia do processo comum a esse processo especial, tanto na vign̊cia do Cd̤igo de Processo Civil de 1973, quanto diante da promulgaȯ̂ e fim da vacacio legis do Novo CPC, que gerar ̀bastante inseguranȧ jurd̕ica. O presente livro ̌fruto de pesquisas desenvolvidas pelos autores que, alm̌ de Professores, militam como advogados no foro trabalhista e lidam diariamente com essa heterointegraȯ̂ de normas. O exercc̕io do magistřio por eles em diversas instituiė̳s de ensino, onde ministram as matřias de Direito Processual Civil e Direito Processual do Trabalho, tambm̌ em muito contribur̕am para as concluse̳s da obra. Trata-se de volume dedicado aos procedimentos especiais, em que sô realizados comentr̀ios daqueles que se aplicam ao processo do trabalho, artigo por artigo, interpretados pelos autores em conjunto com a Consolidaȯ̂ das Leis do Trabalho, com o fim de alcanȧr uma interpretaȯ̂ uniforme na supletividade e subsidiariedade do novo CPC ao processo do trabalho. Para tanto, por meio de um dil̀ogo com a doutrina especializada, bem como interpretaė̳s sobre o tema colhidas na jurisprudn̊cia dos Tribunais Regionais do Trabalho e Tribunal Superior do Trabalho, os autores comentam a Aȯ̂ de Consignaȯ̂ em Pagamento, Aȯ̂ de Exigir Contas, Aė̳s Possessr̤ias (reintegraȯ̂, manutenȯ̂ e interdito proibitr̤io), Embargos de Terceiro, Oposiȯ̂, Habilitaȯ̂, Aȯ̂ Monitr̤ia, Restauraȯ̂ de Autos, alm̌ dos procedimentos especiais de jurisdiȯ̂ volutr̀ia (disposiė̳s gerais), que incluem a notificaȯ̂, interpelaȯ̂ e protestos.
|
| 506 |
1 |
|
|a Disponible solo en los productos indicados
|d vLex Global
|d vLex Global (Academic Edition, excluding Law Schools)
|d vLex Global (U.S. Academic Edition, Law Schools)
|d vLex Global (U.S. Academic Edition, excluding Law Schools)
|d vLex Global (Academic Edition, Law Schools)
|
| 650 |
0 |
4 |
|a Derecho Laboral y Seguridad Social
|z Brasil
|
| 650 |
0 |
4 |
|a Derecho Procesal
|z Brasil
|
| 650 |
0 |
4 |
|a Procedimiento Laboral
|z Brasil
|
| 740 |
0 |
|
|a vLex Libros (Servicio en ln̕ea)
|
| 856 |
4 |
0 |
|u http://vlex.com/source/o-novo-cpc-e-o-processo-do-trabalho-iii-procedimentos-especiais-21365
|z Acceso restringido
|
| 942 |
|
|
|c BOOK
|
| 999 |
0 |
|
|a Labor Law and Social Security
|
| 999 |
0 |
|
|a Procedural Law
|
| 999 |
0 |
|
|a Labor Procedure
|